Estudio analítico de la reforma constitucional : actualización de la obra derecho constitucional /

Guardado en:
Autor Principal: Quiroga Lavié, Humberto
Formato: Libro
Idioma:Spanish
Publicado: Buenos Aires : Depalma, 1994
Edición:3a. ed.
Materias:
Etiquetas: Agregar Etiqueta
Sin Etiquetas, Sea el primero en etiquetar este registro!
LEADER 00667nam a22001815a 4500
001 DER.der012380
008 180615s1994####ag#||||||||||||||#||spa||
005 20250217131559.0
245 1 0 |a Estudio analítico de la reforma constitucional :  |b actualización de la obra derecho constitucional /  |c Humberto Quiroga Lavié. 
250 |a 3a. ed. 
260 |a Buenos Aires :  |b Depalma,  |c 1994 
300 |a 96 p. 
020 |a 9501407934 
100 1 |a Quiroga Lavié, Humberto 
650 7 |a DERECHO CONSTITUCIONAL 
859 |a DERECHO  |b BIB. DERECHO  |h 342.02  |i QUI  |p 007200 
859 |a DERECHO  |b BIB. DERECHO  |h 342.02  |i QUI  |k 1.08  |p 007201  |t 1 
859 |a DERECHO  |b BIB. DERECHO  |h 342.02  |i QUI  |p 007808  |t 2